Plants

Bibliographic Details
Main Author: Ganeri, Anita
Format: Book
Published: London : Franklin Watts , 1992
Series:Nature detective series
Subjects:

MARC

LEADER 00000cam a2200000 7i4500
001 0000004234
002 000004551
005 20060206.0
020 |a 0749606916 
090 0 0 |a 372.357   |b GAN 
100 1 |a Ganeri, Anita 
245 1 0 |a Plants   |c Anita Ganeri ; illustrated by Adrian Lascom 
260 |a London :   |b Franklin Watts ,   |c 1992 
300 |a 32 p. :   |b ill. ;   |c 26 cm. 
490 0 |a Nature detective series 
650 0 0 |a Plants   |x Juvenile literature 
999 |a 037354   |b BUKU   |c JUNIOR BOOKS   |e PERPUSTAKAAN KOMUNITI PETALING JAYA